[Event "Portugal op"]
[Site "Oeiras"]
[Date "2015.09.03"]
[Round "7"]
[White "Veiga, Jose Francisco RP"]
[Black "Mouquinho, Jose Francisco B"]
[Result "1-0"]
[WhiteElo "1801"]
[BlackElo "1510"]
[PlyCount "73"]
[EventDate "2015.08.30"]
[EventType "swiss"]
[EventRounds "9"]
[EventCountry "POR"]
[SourceTitle "EXT 2016"]
[Source "ChessBase"]
[SourceDate "2015.10.08"]
[SourceVersion "1"]
[SourceVersionDate "2015.10.08"]
[SourceQuality "1"]

1. e4 e5 2. Nf3 d6 3. d4 exd4 4. Nxd4 Nf6 5. Nc3 Be7 6. Bc4 Bd7 7. 0-0 Nc6 8. f3 0-0 9. Be3 Ne5 10. Be2 Re8 11. Qd2 h6 12. Rad1 Qc8 13. Nb3 b6 14. Nb1 Be6 15. Na3 c6 16. c4 Rd8 17. Nd4 a6 18. Nxe6 Qxe6 19. Bxb6 Rd7 20. f4 Neg4 21. h3 Nxe4 22. Bxg4 Qxg4 23. hxg4 Nxd2 24. Rxd2 c5 25. Bxc5 Rc8 26. Bb4 Rb8 27. Bc3 f6 28. f5 Kf7 29. Nc2 Rc8 30. b3 d5 31. Bb4 Bc5+ 32. Bxc5 Rxc5 33. Ne3 d4 34. Nd5 Ra5 35. a4 Ra7 36. Rf3 g6 37. fxg6+ 1-0

[Event "Lisbon Check Mate op 1st"]
[Site "Lisbon"]
[Date "2013.08.12"]
[Round "4.26"]
[White "Martins, Goncalo Faria Olive"]
[Black "Mouquinho, Jose Francisco B"]
[Result "1-0"]
[WhiteElo "1280"]
[BlackElo "1503"]
[PlyCount "107"]
[EventDate "2013.08.10"]
[EventType "swiss"]
[EventRounds "7"]
[EventCountry "POR"]
[SourceTitle "EXT 2015"]
[Source "ChessBase"]
[SourceDate "2014.11.20"]
[SourceVersion "1"]
[SourceVersionDate "2014.11.20"]
[SourceQuality "1"]

1. e4 e5 2. Nf3 d6 3. Nc3 Bg4 4. h3 Bh5 5. Be2 Nf6 6. d3 Be7 7. 0-0 Nc6 8. Nxe5 Bxe2 9. Nxc6 Bxd1 10. Nxd8 Bxc2 11. Nxb7 Bxd3 12. Re1 Rb8 13. Na5 0-0 14. Nc6 Rbe8 15. Nxa7 Nd7 16. Nc6 Bf6 17. f3 Nb6 18. Rd1 Ba6 19. Nb4 Bc4 20. Nbd5 Nxd5 21. Nxd5 Bxd5 22. Rxd5 Rb8 23. Rb1 Rb7 24. a3 Rb3 25. Rd2 Ra8 26. Ra1 Ra4 27. Rc2 Bd4+ 28. Kf1 c5 29. Bf4 Bxb2 30. Rb1 Rbxa3 31. Rcxb2 h6 32. Bxd6 Rc3 33. Rb8+ Kh7 34. Rc8 c4 35. Be5 Rc2 36. Rcb8 f6 37. Bxf6 Raa2 38. Bb2 c3 39. Bxc3 Rxc3 40. R8b2 Ra7 41. Kf2 Rf7 42. Re2 g5 43. Rbe1 h5 44. Re3 Rc2+ 45. R1e2 Rc1 46. e5 Kg6 47. e6 Re7 48. Kg3 Rc6 49. h4 Rc5 50. Re5 gxh4+ 51. Kxh4 Rxe5 52. Rxe5 Kf6 53. f4 Rg7 54. e7 1-0

[Event "POR-ch qual"]
[Site "Amadora"]
[Date "2011.09.11"]
[Round "9"]
[White "Martins, Marta Sofia Cardoso"]
[Black "Mouquinho, Jose Francisco B"]
[Result "1-0"]
[WhiteElo "1603"]
[BlackElo "1515"]
[PlyCount "97"]
[EventDate "2011.09.03"]
[EventType "swiss"]
[EventRounds "9"]
[EventCountry "POR"]
[SourceTitle "CBM 144 Extra"]
[Source "ChessBase"]
[SourceDate "2011.10.28"]
[SourceVersion "1"]
[SourceVersionDate "2011.10.28"]
[SourceQuality "1"]

1. e4 e5 2. Nf3 Nc6 3. Bc4 Be7 4. 0-0 Nf6 5. d3 0-0 6. c3 d5 7. exd5 Nxd5 8. Re1 Bf6 9. Nbd2 Re8 10. Ne4 b6 11. Nxf6+ Nxf6 12. Bg5 h6 13. Bh4 Qd6 14. Bg3 Bg4 15. d4 Nd7 16. Re4 Nf6 17. Re3 Nh5 18. h3 Bxf3 19. Qxf3 Nf6 20. dxe5 Qc5 21. Bxf7+ Kxf7 22. exf6 Rxe3 23. Qxe3 Qxe3 24. fxe3 gxf6 25. Bxc7 Rc8 26. Bf4 h5 27. Rd1 Kg6 28. Kf2 Ne7 29. Rd7 Nc6 30. Kg3 Re8 31. Rc7 Re6 32. Rc8 Ne7 33. Rd8 Nf5+ 34. Kf2 a5 35. Kf3 h4 36. e4 Ng7 37. Rd6 Kh5 38. Rd5+ Kg6 39. Rb5 Ne8 40. Be3 Rxe4 41. Rxb6 Ra4 42. a3 Ng7 43. Bd4 Nh5 44. Kg4 Rc4 45. Kxh4 Ng7 46. Rxf6+ Kh7 47. Rf7 Kh6 48. Rxg7 Rxd4+ 49. cxd4 1-0

[Event "POR-ch qual"]
[Site "Amadora"]
[Date "2011.09.07"]
[Round "5"]
[White "Mouquinho, Jose Francisco B"]
[Black "Videira, Alfredo Batista Men"]
[Result "1-0"]
[WhiteElo "1515"]
[BlackElo "1524"]
[PlyCount "47"]
[EventDate "2011.09.03"]
[EventType "swiss"]
[EventRounds "9"]
[EventCountry "POR"]
[SourceTitle "CBM 144 Extra"]
[Source "ChessBase"]
[SourceDate "2011.10.28"]
[SourceVersion "1"]
[SourceVersionDate "2011.10.28"]
[SourceQuality "1"]

1. d4 Nf6 2. Nf3 g6 3. b3 Bg7 4. Bb2 0-0 5. g3 d5 6. Bg2 Nbd7 7. 0-0 Re8 8. Nbd2 Nb6 9. Re1 a5 10. a4 Nbd7 11. e4 Nxe4 12. Nxe4 dxe4 13. Rxe4 Nf6 14. Re1 Nd5 15. c3 Bd7 16. Ne5 c6 17. Bxd5 cxd5 18. Qf3 Bc6 19. Qxf7+ Kh8 20. Qe6 Bxe5 21. Qxe5+ Kg8 22. Qe6+ Kf8 23. Bc1 Qd6 24. Bh6# 1-0

[Event "POR-ch qual"]
[Site "Amadora"]
[Date "2011.09.04"]
[Round "2"]
[White "Marques, Pedro Alexandre"]
[Black "Mouquinho, Jose Francisco B"]
[Result "1-0"]
[WhiteElo "1781"]
[BlackElo "1515"]
[PlyCount "71"]
[EventDate "2011.09.03"]
[EventType "swiss"]
[EventRounds "9"]
[EventCountry "POR"]
[SourceTitle "CBM 144 Extra"]
[Source "ChessBase"]
[SourceDate "2011.10.28"]
[SourceVersion "1"]
[SourceVersionDate "2011.10.28"]
[SourceQuality "1"]

1. e4 e5 2. c4 Nf6 3. Nc3 Bc5 4. g3 Nc6 5. Bg2 d6 6. h3 Be6 7. d3 Nd4 8. Be3 Qd7 9. Nf3 Nxf3+ 10. Qxf3 Bxe3 11. Qxe3 c6 12. b3 b6 13. d4 exd4 14. Qxd4 c5 15. Qd3 0-0-0 16. a4 a5 17. f4 g6 18. 0-0 Qc6 19. Nb5 Rd7 20. Rad1 Rhd8 21. f5 gxf5 22. exf5 Bd5 23. Bxd5 Nxd5 24. Qxd5 Qxd5 25. Rxd5 Kb7 26. f6 Kc6 27. Re1 Rg8 28. g4 Rg6 29. g5 h6 30. Re8 hxg5 31. Rc8+ Kb7 32. Re8 Rxf6 33. Rxg5 Rf3 34. Rg7 Rc7 35. Nxc7 Kxc7 36. Re7+ 1-0

[Event "Beja op"]
[Site "Beja"]
[Date "2010.10.17"]
[Round "4"]
[White "Monteiro, Sara Cristina da Si"]
[Black "Mouquinho, Jose Francisco B"]
[Result "1-0"]
[WhiteElo "1818"]
[BlackElo "1587"]
[PlyCount "71"]
[EventDate "2010.10.15"]
[EventType "swiss"]
[EventRounds "5"]
[EventCountry "POR"]
[SourceTitle "EXT 2013"]
[Source "ChessBase"]
[SourceDate "2012.11.22"]
[SourceVersion "1"]
[SourceVersionDate "2012.11.22"]
[SourceQuality "1"]

1. d4 d5 2. Bg5 Nc6 3. e3 Qd6 4. c3 Nf6 5. Nd2 e5 6. dxe5 Nxe5 7. Ngf3 Be7 8. Nxe5 Qxe5 9. Bf4 Qe6 10. Bxc7 0-0 11. Bd3 Bd7 12. 0-0 Rac8 13. Bf4 a6 14. h3 Rfe8 15. Re1 Ne4 16. Qc2 f5 17. Nf3 Bd6 18. Nd4 Qg6 19. f3 Bxf4 20. fxe4 fxe4 21. Bxe4 dxe4 22. exf4 Bxh3 23. Re3 Bf5 24. Rae1 Rc7 25. Nf3 Rce7 26. Ne5 Qb6 27. Qf2 a5 28. g4 Bg6 29. Nc4 Qc5 30. Nd2 Qc6 31. f5 Bf7 32. b3 b5 33. Qf4 Bd5 34. Kg2 Re5 35. Rh1 Bf7 36. Qh2 1-0

[Event "Lisbon-ch sf"]
[Site "Lisbon"]
[Date "2008.04.21"]
[Round "1"]
[White "Mouquinho, Jose Francisco B"]
[Black "Aguiar, Carlos Alberto Bran"]
[Result "0-1"]
[WhiteElo "1621"]
[BlackElo "2021"]
[PlyCount "70"]
[EventDate "2008.04.21"]
[EventType "swiss"]
[EventRounds "8"]
[EventCountry "POR"]
[SourceTitle "EXT 2022"]
[Source "ChessBase"]
[SourceDate "2021.10.06"]
[SourceVersion "1"]
[SourceVersionDate "2021.10.06"]
[SourceQuality "1"]

1. d4 e6 2. e4 d5 3. Nc3 Bb4 4. Bd3 c5 5. dxc5 dxe4 6. Bb5+ Bd7 7. Bxd7+ Nxd7 8. Qd4 Bxc5 9. Qxe4 Qb6 10. Qe2 Ngf6 11. h3 0-0 12. Nf3 Qc6 13. 0-0 Rac8 14. Ne5 Nxe5 15. Qxe5 Bd6 16. Qe2 h6 17. Be3 Bb4 18. Bd4 Bxc3 19. bxc3 Nd5 20. Rab1 b6 21. Rb3 f6 22. f4 Qc7 23. Qxe6+ Qf7 24. Qxf7+ Rxf7 25. g3 Rfc7 26. Rf3 Rc4 27. a3 Ne7 28. g4 Nc6 29. Bf2 Na5 30. Rb1 Rxc3 31. Rxc3 Rxc3 32. h4 Rxc2 33. Be1 Nc4 34. Bb4 Nd2 35. h5 Nxb1 0-1

[Event "Lisbon Belen op 3rd"]
[Site "Lisbon"]
[Date "2007.02.28"]
[Round "7"]
[White "Martins, Nuno Manuel Lopes B"]
[Black "Mouquinho, Jose Francisco B"]
[Result "0-1"]
[WhiteElo "1494"]
[BlackElo "1659"]
[PlyCount "56"]
[EventDate "2007.02.15"]
[EventType "swiss"]
[EventRounds "7"]
[EventCountry "POR"]
[SourceTitle "EXT 2022"]
[Source "ChessBase"]
[SourceDate "2021.10.06"]
[SourceVersion "1"]
[SourceVersionDate "2021.10.06"]
[SourceQuality "1"]

1. d4 d5 2. c4 Nf6 3. Nc3 Bf5 4. e3 e6 5. Nf3 Bb4 6. cxd5 Nxd5 7. Qb3 Nc6 8. Bc4 Be4 9. Ng5 Qxg5 10. Rg1 0-0-0 11. a3 Na5 12. Qa4 Nxc3 13. Qxb4 Nxc4 14. Qxc3 Qa5 15. b4 Qb5 16. a4 Qd5 17. f3 Bg6 18. Kf2 e5 19. Rd1 e4 20. Bd2 exf3 21. gxf3 Bh5 22. Rac1 Qxf3+ 23. Kg1 Qg4+ 24. Kh1 Qh3 25. Rf1 Bf3+ 26. Rxf3 Qxf3+ 27. Kg1 Rd6 28. h4 Rg6+ 0-1

[Event "Lisbon Belen op 3rd"]
[Site "Lisbon"]
[Date "2007.02.19"]
[Round "2"]
[White "Mouquinho, Jose Francisco B"]
[Black "Louro, Eugenio Diogo"]
[Result "0-1"]
[WhiteElo "1659"]
[BlackElo "1812"]
[PlyCount "70"]
[EventDate "2007.02.15"]
[EventType "swiss"]
[EventRounds "7"]
[EventCountry "POR"]
[SourceTitle "EXT 2022"]
[Source "ChessBase"]
[SourceDate "2021.10.06"]
[SourceVersion "1"]
[SourceVersionDate "2021.10.06"]
[SourceQuality "1"]

1. e4 e5 2. Bc4 Nf6 3. d3 Bc5 4. Nf3 0-0 5. Nc3 d6 6. h3 h6 7. 0-0 a6 8. a3 Re8 9. Re1 Nc6 10. b4 Ba7 11. Be3 Nd4 12. Bxd4 exd4 13. Ne2 c5 14. bxc5 dxc5 15. a4 Bb8 16. c3 dxc3 17. Nxc3 Be5 18. Nxe5 Rxe5 19. f4 Re7 20. Nd5 Nxd5 21. Bxd5 Be6 22. Bxe6 Rxe6 23. Qf3 Qd7 24. f5 Rd6 25. Red1 Rd8 26. Ra3 c4 27. e5 Rxd3 28. Rdxd3 cxd3 29. e6 fxe6 30. fxe6 Qd4+ 31. Kh1 d2 32. Qd1 Qe5 33. Ra1 Qxa1 34. Qxa1 d1Q+ 35. Qxd1 Rxd1+ 0-1

[Event "Lisbon-ch Seniors"]
[Site "Lisbon"]
[Date "2006.02.26"]
[Round "5"]
[White "Mouquinho, Jose Francisco B"]
[Black "Fernandes, Americo Pinto"]
[Result "0-1"]
[WhiteElo "1590"]
[BlackElo "1849"]
[PlyCount "86"]
[EventDate "2006.02.20"]
[EventType "swiss"]
[EventRounds "7"]
[EventCountry "POR"]
[SourceTitle "EXT 2008"]
[Source "ChessBase"]
[SourceDate "2007.11.25"]
[SourceVersion "1"]
[SourceVersionDate "2007.11.25"]
[SourceQuality "1"]

1. d4 d5 2. c4 c6 3. e3 Nf6 4. Nc3 e6 5. Nf3 Nbd7 6. Be2 Be7 7. 0-0 a6 8. a4 c5 9. b3 cxd4 10. exd4 Bb4 11. Bd2 0-0 12. Na2 Bxd2 13. Nxd2 dxc4 14. bxc4 b6 15. Nb4 Bb7 16. Bf3 Bxf3 17. Qxf3 Re8 18. Rfe1 Qc7 19. Nc6 Rac8 20. Ne5 Nxe5 21. Rxe5 Qd6 22. Qf4 Nd7 23. Ne4 Qb4 24. Rg5 Rf8 25. Nf6+ Nxf6 26. Qxf6 g6 27. h4 Rce8 28. h5 Qe7 29. Qxe7 Rxe7 30. hxg6 hxg6 31. Re1 Kg7 32. d5 Rfe8 33. Rge5 Kf6 34. f4 exd5 35. cxd5 Rxe5 36. fxe5+ Rxe5 37. Rd1 Ke7 38. d6+ Kd7 39. Kf2 Re6 40. g4 Rxd6 41. Rxd6+ Kxd6 42. Kf3 b5 43. axb5 axb5 0-1

[Event "Lisbon-ch Seniors"]
[Site "Lisbon"]
[Date "2006.02.20"]
[Round "1"]
[White "Mouquinho, Jose Francisco B"]
[Black "Cardina, Joao Gamboa"]
[Result "1-0"]
[WhiteElo "1590"]
[BlackElo "1811"]
[PlyCount "91"]
[EventDate "2006.02.20"]
[EventType "swiss"]
[EventRounds "7"]
[EventCountry "POR"]
[SourceTitle "EXT 2008"]
[Source "ChessBase"]
[SourceDate "2007.11.25"]
[SourceVersion "1"]
[SourceVersionDate "2007.11.25"]
[SourceQuality "1"]

1. d4 d5 2. e3 Bd7 3. c4 dxc4 4. Bxc4 e6 5. Nf3 Nf6 6. Bd2 Nc6 7. Nc3 Bb4 8. a3 Bxc3 9. Bxc3 Ne4 10. Nd2 Nxc3 11. bxc3 0-0 12. 0-0 a6 13. f4 Ne7 14. e4 Bc6 15. Bd3 b5 16. Nf3 Ng6 17. Ne5 Nxe5 18. fxe5 Qg5 19. Qe2 Bb7 20. Rf3 Qg4 21. Qe3 Qh5 22. Raf1 Rad8 23. Rf4 Qg5 24. Qf3 g6 25. Rxf7 Qh6 26. Qf6 Rde8 27. Rxf8+ Rxf8 28. Qxe6+ Kh8 29. Rxf8+ Qxf8 30. Qf6+ Qxf6 31. exf6 Kg8 32. e5 Kf7 33. Kf2 Bd5 34. h4 h5 35. g3 c6 36. Ke3 Be6 37. Kf4 a5 38. Kg5 Bd5 39. Bxg6+ Kf8 40. Bxh5 Bc4 41. Bf3 Bd5 42. Bxd5 cxd5 43. Kg6 Kg8 44. e6 Kf8 45. e7+ Ke8 46. Kg7 1-0